Catálogo - Centro de Recursos para el Aprendizaje y la Investigación

Volver al Sitio - CRAI Biblioteca

La constitución de Cádiz y Santo Domingo / (Registro nro. 113681)

Detalles MARC
000 -CABECERA
campo de control de longitud fija 02464nam a2200289 4500
001 - NÚMERO DE CONTROL
campo de control 113681
003 - IDENTIFICADOR DEL NÚMERO DE CONTROL
campo de control DR-UNIBE
005 - FECHA Y HORA DE LA ÚLTIMA TRANSACCIÓN
campo de control 20260311062603.0
008 - DATOS DE LONGITUD FIJA--INFORMACIÓN GENERAL
campo de control de longitud fija 250526b2008 dr ||||| |||| 00| 0 spa d
020 ## - NÚMERO INTERNACIONAL ESTÁNDAR DEL LIBRO
Número Internacional Estándar del Libro 9789993481393
040 ## - FUENTE DE LA CATALOGACIÓN
Centro catalogador/agencia de origen BIBLIOTECA UNIBE
Lengua de catalogación spa
Centro/agencia transcriptor BIBLIOTECA UNIBE
041 ## - CÓDIGO DE LENGUA
Código de lengua del texto/banda sonora o título independiente spa
082 ## - NÚMERO DE LA CLASIFICACIÓN DECIMAL DEWEY
Número de edición 22
Número de clasificación RD 972.9304 V422c
100 ## - ENTRADA PRINCIPAL--NOMBRE DE PERSONA
Nombre de persona Vega B., Wenceslao,
Forma completa/desarrollada del nombre (Vega Boyrie, Wenceslao Nicolás),
Fechas asociadas al nombre 1932-
Término indicativo de función/relación autor
9 (RLIN) 195939
245 13 - MENCIÓN DE TÍTULO
Título La constitución de Cádiz y Santo Domingo /
Mención de responsabilidad, etc. Wenceslao Vega B.
260 ## - PUBLICACIÓN, DISTRIBUCIÓN, ETC.
Lugar de publicación, distribución, etc. Santo Domingo :
Nombre del editor, distribuidor, etc. Fundación García Arévalo,
Fecha de publicación, distribución, etc. 2008
300 ## - DESCRIPCIÓN FÍSICA
Extensión 138 páginas :
Otras características físicas ilustraciones, fotografías a blanco y negro ;
Dimensiones 23 cm.
490 ## - MENCIÓN DE SERIE
Mención de serie Monográfica ;
Designación de volumen o secuencia 33
504 ## - NOTA DE BIBLIOGRAFÍA, ETC.
Nota de bibliografía, etc. Incluye referencias bibliográficas (páginas: 132-133) e índice
505 0# - NOTA DE CONTENIDO CON FORMATO
Nota de contenido con formato Presentación |<br/>PRIMERA PARTE. LOS DIPUTADOS DOMINICANOS EN LAS CORTES DE CÁDIZ, 1810-1813 |<br/>1. Introducción |<br/>2. Breve reseña histórica de la época: España, América, Santo Domingo |<br/>3. América y las Cortes de Cádiz |<br/>4. El proceso electoral |<br/>5. Biografías de los dos diputados por Santo Domingo en las Cortes Constitucionales de Cádiz |<br/>6. Carácter de la diputación dominicana |<br/>7. Bibliografía |<br/>Fotografías |<br/>Anexos |<br/>Anexo 1. Primeras páginas del acta de la sesión inaugural de las Cortes de Cádiz del 24 de septiembre de 1810, con la lista de los diputados asistentes |<br/>Anexo 2. Portada y últimas páginas con las firmas de la Constitución de Cádiz del 18 de marzo de 1812 |<br/>Anexo 3. Relación de los actos celebrados en Santo Domingo, los días 18 y 19 de julio de 1812, para la publicación y jura de la Constitución Española |<br/>Anexo 4. Defensa de José Álvarez de Toledo en el periódico "The Sun of Baltimore" |<br/>SEGUNDA PARTE - PRESENCIA DE LA CONSTITUCIÓN DE CÁDIZ DE 1812 EN LA PRIMERA CONSTITUCIÓN DOMINICANA |<br/>1. Preámbulo |<br/>2. Breve historia de Santo Domingo hasta 1812 |<br/>3. La Constitución de Cádiz en Santo Domingo |<br/>4. Influencia de la Constitución de Cádiz en la primera Constitución dominicana |<br/>Conclusiones |<br/>Bibliografía<br/>
651 #7 - PUNTO DE ACCESO ADICIONAL DE MATERIA--NOMBRE GEOGRÁFICO
Nombre geográfico República Dominicana
Subdivisión general Historia
Subdivisión cronológica España Boba, 1809-1821
9 (RLIN) 195940
651 #7 - PUNTO DE ACCESO ADICIONAL DE MATERIA--NOMBRE GEOGRÁFICO
Fuente del encabezamiento o término lemb
Nombre geográfico República Dominicana
Subdivisión general Historia constitucional
9 (RLIN) 194322
651 #7 - PUNTO DE ACCESO ADICIONAL DE MATERIA--NOMBRE GEOGRÁFICO
Fuente del encabezamiento o término lemb
Nombre geográfico España
Subdivisión general Historia constitucional
9 (RLIN) 195941
700 1# - PUNTO DE ACCESO ADICIONAL--NOMBRE DE PERSONA
Nombre de persona Chez Checo, José,
Fechas asociadas al nombre 1949-
Término indicativo de función/relación cuidado de edición
-- presentación
9 (RLIN) 15500
700 1# - PUNTO DE ACCESO ADICIONAL--NOMBRE DE PERSONA
Nombre de persona Pou de García, Francis
Término indicativo de función/relación coordinadora general
9 (RLIN) 195942
942 ## - ELEMENTOS DE PUNTO DE ACCESO ADICIONAL (KOHA)
Fuente del sistema de clasificación o colocación Sistema de Clasificación Decimal Dewey
Tipo de ítem Koha Libro (general)
Existencias
Estado de retiro Estado de pérdida Fuente del sistema de clasificación o colocación No para préstamo Código de colección Localización permanente Fecha de adquisición Total de préstamos Signatura topográfica completa Código de barras Fecha visto por última vez Número de copia Precio válido a partir de Tipo de ítem Koha
  Disponible Sistema de Clasificación Decimal Dewey   General - Libros dominicanos Biblioteca Central UNIBE 26/03/2025   RD 972.9304 V422c 250513 26/05/2025 Ej. 1 26/05/2025 Libro (general)